00448nam a22001337a 4500003000500000038001800005082000800023100001800031245010800049264003500157650003200192700003300224856005700257NUST aNusrat Nadeem a200 aArshad, Hamza aAdvanced Detection Technologies for Authenticating Product Integrity Across Industries/cHamza Arshad,  aIslamabad:bSEECS NUST.c2025. aMS-Artificial Intelligence  aSupervisor: Dr. Rizwan Ahmad uhttp://10.250.8.41:8080/xmlui/handle/123456789/54770